000 00317nam a2200133 i 4500
001 bg
100 1 _aKOWALCZYK, Henryk
245 0 _aTransport. Problemy i nadzieje /
_cHenryk Kowalczyk.
260 _aWarszawa,
_c1980.
040 _cBPK
041 _apol
942 _cKS
008 s pl f |000 0 pol
999 _c19245
_d19245
856 _uhttp://koha.tu.koszalin.pl/cgi-bin/koha/opac-detail.pl?biblionumber=19245
_yKatalog online BPK